Štíhle recepty do 15 minút 50 rýchlych receptov, ktoré si zamiluješ

Bibliographic Details
Main Author: Wagnerová, Lucia (Author, Illustrator)
Format: Book
Language:Slovak
PhysicalDescription:93 s. farebné fotografie 22 cm
Published: [Košice] Lucia Wagnerová 2016
ISBN:9788097242985
Edition:1. vyd.
Subjects:

MARC

LEADER 00000cam a2200000 a 4500
001 vtls011594539
003 SK-MaSNL
005 20260301221235.0
008 200205s2016 xo o g 000 0 slo
015 |a SNBA2017/03 
020 |a 9788097242985  |q (viaz.) 
035 |a urn:nbn:sk:snk-am00d7od 
035 |a urn:nbn:sk:snk-am3hsh1 
035 |a C0A393D7-B6EB-46EC-8E95-60867BF9D46F 
040 |a SNK  |b slo  |c SNK  |e AACR2 
041 0 |a slo 
044 |a xo  |c SK 
072 7 |a 641  |x Kuchárstvo. Potraviny. Varené jedlá  |2 konspekt 
080 |a 641.55  |2 2011 
080 |a 613.2  |2 2011 
080 |a (083.12)  |2 2011 
100 1 |a Wagnerová, Lucia  |4 aut  |4 ill  |9 319820 
245 1 0 |a Štíhle recepty do 15 minút  |b 50 rýchlych receptov, ktoré si zamiluješ  |c [text a foto] Lucia Wagnerová 
250 |a 1. vyd. 
260 |a [Košice]  |b Lucia Wagnerová  |c 2016 
300 |a 93 s.  |b farebné fotografie  |c 22 cm 
500 |a Zo série bestsellerov Fit Recepty 
500 |a Miesto vyd. podľa ISBN 
650 0 7 |a jedlá  |2 SNKPH 
650 0 7 |a zdravá výživa  |2 SNKPH  |9 66259 
650 0 7 |a Meals  |2 SNKPHeng  |9 311382 
650 0 7 |a Healthy eating  |2 SNKPHeng  |9 267865 
655 7 |a kuchárske recepty  |2 SNKPH  |9 70493 
655 7 |a Cookbooks  |2 SNKPHeng  |9 270340 
852 |a Štátna vedecká knižnica v Banskej Bystrici 
919 |a 978-80-972429-8-5 
958 |a MI 
999 |c 935039  |d 936969 
952 |a SNK  |b SNK  |y VYP  |7 0  |p 17A1258071  |o snkSC 173593 D1  |i snk2017/10341  |8 0  |0 0  |1 0  |4 0  |d 2017-05-05  |l 0  |r 2026-02-24 09:00:54  |w 2026-02-24 
952 |a SNK  |b SNK  |y PREZ  |7 0  |p 17A1254337  |o snkSC 173593  |i snk2017/5903  |8 0  |0 0  |1 0  |4 0  |d 2017-03-03  |f 1  |l 0  |r 2025-09-11 00:00:00  |w 2026-02-24